000 00725nam a2200217Ia 4500
005 20241129110043.0
008 241129s9999||||xx |||||||||||||| ||und||
020 _a978-93-88211-01-7
037 _aTB
040 _aARTS
_bhin
_cARTS
041 _ahin
_2hin
084 _aZ(Q7),1227 152Q8
_qARTS
100 _aबरनवाल, अनूप, ले.
245 0 _aतीन तलाक की मीमांसा
_cबरनवाल, अनूप, ले.
260 _aनई दिल्ली, भारत
_bलोकी प्रकाशन
_c2019
300 _a184पृ0
365 _aINR
_b400
650 _aLawIslam
_9727051
942 _cTB
_hZ(Q7),1227 152Q8
999 _c1227144
_d1227144